[Event "Bullet Chess Championship"]
[Site "Chess.com INT"]
[Date "2023.07.21"]
[Round "29"]
[White "Magnus Carlsen"]
[Black "Alireza Firouzja"]
[Result "1/2-1/2"]
[EventDate "?"]
[WhiteElo "2835"]
[BlackElo "2777"]
[PlyCount "112"]

1. e4 e5 2. Nf3 Nc6 3. Nc3 Nf6 4. a3 d5 5. Bb5 d4 6. Ne2 Bd6 7. Ng3 O-O 8. Bxc6 bxc6 9. d3 c5 10. O-O Be6 11. b3 h6 12. h3 Nh7 13. Kh1 Qd7 14. Nh2 f5 15. exf5 Bxf5 16. Nxf5 Rxf5 17. f3 Raf8 18. Qe2 Nf6 19. Bd2 Nh5 20. Be1 Nf4 21. Qe4 Rg5 22. Rg1 Qf7 23. Bd2 Nh5 24. Nf1 Rg6 25. Re1 Nf6 26. Qe2 Nd5 27. a4 Ne7 28. Qe4 Nf5 29. g4 Nh4 30. Nh2 Rf6 31. Rgf1 Nxf3 32. Nxf3 Rxf3 33. Rxf3 Qxf3+ 34. Qxf3 Rxf3 35. Kg2 Rf8 36. Rf1 Rxf1 37. Kxf1 Kf7 38. Ke2 Ke6 39. Kf3 Kd5 40. h4 Be7 41. Be1 g5 42. h5 Bd8 43. c4+ dxc3 44. Bxc3 Be7 45. Bd2 Bd6 46. Bc3 Be7 47. Ba5 Bd6 48. Ke3 a6 49. Kd2 e4 50. Ke2 Kd4 51. dxe4 Kxe4 52. Bd2 Bf4 53. Bc3 Be5 54. Bd2 Bf4 55. Bc3 Be5 56. Bd2 Bf4 1/2-1/2

[Event "Bullet Chess Championship"]
[Site "Chess.com INT"]
[Date "2023.07.21"]
[Round "29"]
[White "Alireza Firouzja"]
[Black "Magnus Carlsen"]
[Result "1/2-1/2"]
[EventDate "?"]
[WhiteElo "2777"]
[BlackElo "2835"]
[PlyCount "194"]

1. e4 e6 2. d4 d5 3. Nc3 Nf6 4. e5 Nfd7 5. f4 c5 6. Nf3 Nc6 7. Be3 a6 8. Qd2 b5 9. dxc5 Bxc5 10. Bd3 Qb6 11. Bf2 h6 12. O-O Bxf2+ 13. Rxf2 Nc5 14. a3 Bb7 15. b4 Nxd3 16. Qxd3 a5 17. Qxb5 Qc7 18. Qc5 Qe7 19. Nb5 Qxc5 20. bxc5 Ke7 21. Nd6 Ba6 22. f5 Rhb8 23. Re1 Rb2 24. fxe6 fxe6 25. Nh4 Nd8 26. Ng6+ Kd7 27. h4 Rab8 28. h5 Rb1 29. Rxb1 Rxb1+ 30. Kh2 Ra1 31. Rf8 Rxa3 32. Rg8 Rc3 33. Rxg7+ Kc6 34. Ra7 Be2 35. Rxa5 Bxh5 36. Ne7+ Kc7 37. Ra7+ Kb8 38. Rd7 Rxc5 39. Rxd8+ Kc7 40. Rc8+ Kb6 41. Rxc5 Kxc5 42. c3 d4 43. cxd4+ Kxd4 44. Ng8 Kxe5 45. Nc4+ Kf4 46. Nxh6 e5 47. Kg1 Kg5 48. Nxe5 Kxh6 49. Kf2 Kg5 50. Kg3 Kf5 51. Nf3 Be8 52. Kf2 Kf4 53. g3+ Kg4 54. Nh2+ Kf5 55. Nf1 Kg5 56. Ne3 Kg6 57. Nc2 Kg5 58. Nd4 Bg6 59. Nf3+ Kf5 60. Nh4+ Kg5 61. Kf3 Bh5+ 62. Kf2 Bf7 63. Ng2 Bh5 64. Nf4 Bg4 65. Nd3 Bf5 66. Ne1 Kg4 67. Nf3 Bg6 68. Nh2+ Kf5 69. Nf1 Kg5 70. Ne3 Kf6 71. Ng2 Kg5 72. Nf4 Bf5 73. Kf3 Bg4+ 74. Ke4 Bf5+ 75. Kf3 Bg4+ 76. Kf2 Bf5 77. Ne2 Bg4 78. Nd4 Bf5 79. Nf3+ Kg4 80. Nh4 Kg5 81. Nxf5 Kxf5 82. Kf3 Kg5 83. g4 Kg6 84. Kg3 Kf6 85. Kf4 Kg6 86. Kg3 Kg5 87. Kh3 Kg6 88. Kh4 Kh6 89. Kg3 Kg6 90. Kf3 Kg5 91. Kg3 Kg6 92. Kh4 Kh6 93. g5+ Kg6 94. Kg4 Kg7 95. Kf5 Kf7 96. g6+ Kg7 97. Kg5 Kg8 1/2-1/2

[Event "Bullet Chess Championship"]
[Site "Chess.com INT"]
[Date "2023.07.21"]
[Round "29"]
[White "Magnus Carlsen"]
[Black "Alireza Firouzja"]
[Result "1-0"]
[EventDate "?"]
[WhiteElo "2835"]
[BlackElo "2777"]
[PlyCount "118"]

1. e4 e5 2. Nc3 Nf6 3. Nf3 Nc6 4. Bb5 Nd4 5. Bc4 Bc5 6. Nxe5 O-O 7. Nd3 Bb6 8. O-O Nxe4 9. Nxe4 d5 10. Bxd5 Qxd5 11. Nc3 Qc6 12. Ne5 Qf6 13. Nc4 Re8 14. d3 Qg6 15. Kh1 Bg4 16. f3 Bf5 17. Ne4 Rad8 18. Bf4 Ne6 19. Bg3 Bd4 20. c3 Bf6 21. Qc2 h5 22. Rae1 h4 23. Bf2 Nf4 24. Bd4 Bxd4 25. cxd4 Nd5 26. Ne5 Qb6 27. Qf2 f6 28. Nc4 Qc6 29. Qxh4 Nb4 30. Ne3 Bh7 31. Qg3 Nxd3 32. d5 Qb6 33. d6 Nxe1 34. Nxf6+ Kh8 35. Nxe8 Rxe8 36. Rxe1 cxd6 37. Ng4 Rxe1+ 38. Qxe1 Bg6 39. b3 Kg8 40. Qe6+ Bf7 41. Qe1 Kh7 42. h3 Kg8 43. Qf2 Qc5 44. Kh2 Qc7 45. Qg3 Qd8 46. Nh6+ Kf8 47. Nf5 Qf6 48. Qxd6+ Qxd6+ 49. Nxd6 Bd5 50. Nb5 Ke7 51. Nc3 Kd7 52. b4 Bc4 53. a3 Kc6 54. Kg3 a5 55. Kf4 axb4 56. Ke3 Kb6 57. axb4 Kc6 58. Kd4 Bf1 59. g4 1-0

[Event "Bullet Chess Championship"]
[Site "Chess.com INT"]
[Date "2023.07.21"]
[Round "29"]
[White "Alireza Firouzja"]
[Black "Magnus Carlsen"]
[Result "0-1"]
[EventDate "?"]
[WhiteElo "2777"]
[BlackElo "2835"]
[PlyCount "110"]

1. e4 e5 2. Nf3 Nc6 3. Bc4 Bc5 4. c3 Nf6 5. d3 h6 6. b4 Bb6 7. a4 a6 8. Qb3 O-O 9. O-O d6 10. Re1 Ne7 11. Qc2 c6 12. Nbd2 Ng6 13. Bb3 Re8 14. Nc4 Bc7 15. Ne3 d5 16. h3 Be6 17. c4 d4 18. Nf1 a5 19. b5 Bd6 20. Ng3 Bb4 21. Rf1 Nd7 22. Qd1 Nc5 23. Bc2 cxb5 24. cxb5 Rc8 25. Rb1 Qd6 26. Qe2 Nf4 27. Bxf4 exf4 28. e5 Qd8 29. Nh5 Bd5 30. Nxf4 Bxf3 31. Qxf3 Rxe5 32. Bb3 Nxb3 33. Rxb3 Rc3 34. Rbb1 Qf6 35. g3 g5 36. Qg4 Qf5 37. Nh5 Qxg4 38. hxg4 Rxd3 39. Rbd1 Rxd1 40. Rxd1 Bc3 41. Kf1 Kf8 42. f4 Re3 43. Kf2 Ke7 44. Ng7 Re4 45. Nf5+ Ke6 46. Kf3 Kd5 47. Rd3 Re1 48. Kf2 Ra1 49. Rf3 Ke4 50. Nd6+ Kd5 51. Nxf7 Ra2+ 52. Kf1 Ke4 53. Ne5 d3 54. Rxd3 Bxe5 55. Rd2 Rxd2 0-1

[Event "Bullet Chess Championship"]
[Site "Chess.com INT"]
[Date "2023.07.21"]
[Round "29"]
[White "Magnus Carlsen"]
[Black "Alireza Firouzja"]
[Result "1-0"]
[EventDate "?"]
[WhiteElo "2835"]
[BlackElo "2777"]
[PlyCount "102"]

1. e4 e5 2. Nc3 Nf6 3. Nf3 Nc6 4. h3 Bb4 5. Bd3 Bxc3 6. dxc3 d6 7. c4 O-O 8. Be3 Nd7 9. Qe2 Nc5 10. Bxc5 dxc5 11. c3 Qe7 12. Bc2 Be6 13. Rd1 f6 14. O-O Nd8 15. b3 Nf7 16. Qe3 Rfd8 17. Rxd8+ Rxd8 18. Rd1 Rxd1+ 19. Bxd1 b6 20. Nd2 g6 21. Bg4 Kg7 22. Bxe6 Qxe6 23. Kf1 Qd6 24. Ke2 Nd8 25. Qd3 Qxd3+ 26. Kxd3 Ne6 27. g3 Kf7 28. b4 Ke7 29. b5 Kd6 30. Nf1 c6 31. a4 Nc7 32. Ne3 h5 33. h4 Ne8 34. f3 Nc7 35. f4 exf4 36. gxf4 Ne6 37. Ng2 cxb5 38. cxb5 g5 39. hxg5 fxg5 40. e5+ Ke7 41. f5 Nf8 42. Ke4 h4 43. Ne3 Nd7 44. Ng4 c4 45. Kd5 Nc5 46. e6 h3 47. f6+ Ke8 48. Kd6 Ne4+ 49. Ke5 Nxc3 50. f7+ Ke7 51. Nf6 1-0

[Event "Bullet Chess Championship"]
[Site "Chess.com INT"]
[Date "2023.07.21"]
[Round "29"]
[White "Alireza Firouzja"]
[Black "Magnus Carlsen"]
[Result "0-1"]
[EventDate "?"]
[WhiteElo "2777"]
[BlackElo "2835"]
[PlyCount "68"]

1. e4 e5 2. Nf3 Nc6 3. Bc4 Nf6 4. d3 Be7 5. c3 O-O 6. Nbd2 d6 7. Nf1 Na5 8. Bb5 a6 9. Ba4 b5 10. Bc2 c5 11. Ng3 Re8 12. O-O h6 13. d4 cxd4 14. cxd4 exd4 15. Nxd4 Bf8 16. Re1 Bb7 17. Qf3 Nc4 18. Ngf5 Rc8 19. Bf4 Ne5 20. Qh3 Ng6 21. Be3 d5 22. exd5 Nxd5 23. Bb3 Qf6 24. Qg3 Nxe3 25. fxe3 Qg5 26. Rf1 Ne5 27. Rf4 Qxg3 28. hxg3 Rc7 29. Raf1 g6 30. Nh4 g5 31. Rf5 gxh4 32. gxh4 Bg7 33. Rh5 Bc8 34. Bd5 Bg4 0-1

[Event "Bullet Chess Championship"]
[Site "Chess.com INT"]
[Date "2023.07.21"]
[Round "29"]
[White "Magnus Carlsen"]
[Black "Alireza Firouzja"]
[Result "1/2-1/2"]
[EventDate "?"]
[WhiteElo "2835"]
[BlackElo "2777"]
[PlyCount "144"]

1. e4 e5 2. Nf3 Nc6 3. Nc3 Nf6 4. h3 Bb4 5. Nd5 Bc5 6. c3 Nxe4 7. d4 exd4 8. Bd3 Nf6 9. Bg5 Be7 10. Bxf6 Bxf6 11. O-O O-O 12. cxd4 d6 13. Re1 Be6 14. Nxf6+ Qxf6 15. d5 Bxd5 16. Bxh7+ Kxh7 17. Qxd5 Kg8 18. Qb5 Rab8 19. Re3 a6 20. Qb3 Rfe8 21. Rxe8+ Rxe8 22. Qxb7 Nd4 23. Nxd4 Qxd4 24. Qxc7 Qxb2 25. Rf1 Qxa2 26. Qxd6 a5 27. Qd4 Qb3 28. Ra1 Ra8 29. Rxa5 Qb1+ 30. Kh2 Qb8+ 31. Qe5 Qxe5+ 32. Rxe5 f6 33. Re3 Ra2 34. f4 Kf7 35. Kg3 Ra7 36. Kf3 Rc7 37. h4 Ra7 38. g4 Rc7 39. g5 fxg5 40. hxg5 g6 41. Kg4 Ra7 42. Re4 Kg7 43. Kf3 Rb7 44. Re3 Ra7 45. Rd3 Rb7 46. Ke4 Ra7 47. Rd4 Re7+ 48. Kd5 Ra7 49. Ke5 Re7+ 50. Kd6 Rf7 51. Ke6 Rf8 52. Rd7+ Kg8 53. Rd4 Kg7 54. Ke5 Rf5+ 55. Ke4 Rf7 56. Rd6 Ra7 57. Re6 Ra4+ 58. Kf3 Ra3+ 59. Re3 Ra7 60. Re6 Ra3+ 61. Ke4 Ra7 62. Ke5 Ra5+ 63. Kd6 Ra6+ 64. Ke7 Ra4 65. Rf6 Ra7+ 66. Ke6 Ra6+ 67. Ke5 Rxf6 68. gxf6+ Kf7 69. Ke4 Kxf6 70. Kf3 Kf5 71. Kg3 g5 72. fxg5 Kxg5 1/2-1/2

[Event "Bullet Chess Championship"]
[Site "Chess.com INT"]
[Date "2023.07.21"]
[Round "29"]
[White "Alireza Firouzja"]
[Black "Magnus Carlsen"]
[Result "1/2-1/2"]
[EventDate "?"]
[WhiteElo "2777"]
[BlackElo "2835"]
[PlyCount "122"]

1. e4 e5 2. Nf3 Nc6 3. Bb5 Nf6 4. d3 Bc5 5. c3 O-O 6. Bg5 a6 7. Ba4 Be7 8. O-O d6 9. h3 h6 10. Be3 b5 11. Bb3 Re8 12. Nbd2 Bf8 13. a4 Rb8 14. axb5 axb5 15. Re1 Be6 16. Bxe6 Rxe6 17. d4 exd4 18. cxd4 Nb4 19. d5 Re8 20. Qb1 c5 21. dxc6 Nxc6 22. Nd4 Qd7 23. Nxc6 Qxc6 24. Bd4 Nd7 25. Ra3 d5 26. Rg3 Nc5 27. e5 Ne6 28. Nf3 Rbc8 29. Be3 Qc2 30. Bxh6 Qxb1 31. Rxb1 d4 32. Rd1 Red8 33. Bg5 Rd5 34. Rg4 Rc2 35. h4 d3 36. h5 Rxb2 37. h6 Nxg5 38. Nxg5 d2 39. Ne4 Kh8 40. Ng5 Rd7 41. e6 fxe6 42. Nxe6 Re7 43. Re4 gxh6 44. Kf1 Bg7 45. Ke2 b4 46. Rxd2 Rxd2+ 47. Kxd2 b3 48. Kc1 b2+ 49. Kb1 Bf6 50. Re2 Kh7 51. f4 h5 52. f5 Ra7 53. Rxb2 Bxb2 54. Nf4 Be5 55. Nxh5 Rb7+ 56. Kc2 Rf7 57. Kd3 Rxf5 58. Ke4 Rg5 59. g4 Rxg4+ 60. Kf5 Rg5+ 61. Kxg5 1/2-1/2

[Event "Bullet Chess Championship"]
[Site "Chess.com INT"]
[Date "2023.07.21"]
[Round "29"]
[White "Magnus Carlsen"]
[Black "Alireza Firouzja"]
[Result "1-0"]
[EventDate "?"]
[WhiteElo "2835"]
[BlackElo "2777"]
[PlyCount "68"]

1. e4 e5 2. Nc3 Nf6 3. Nf3 Nc6 4. Bb5 Nd4 5. Nxd4 exd4 6. e5 dxc3 7. exf6 Qxf6 8. dxc3 Bc5 9. Qe2+ Be7 10. O-O O-O 11. Re1 Bc5 12. Be3 Bxe3 13. Qxe3 c6 14. Bd3 d5 15. Qe7 Qxe7 16. Rxe7 Rb8 17. f4 g6 18. Rae1 Be6 19. Kf2 Rfc8 20. h4 Kf8 21. R1xe6 fxe6 22. Rxh7 Kg8 23. Bxg6 Rf8 24. Kf3 Rf6 25. h5 Rbf8 26. g3 e5 27. Re7 exf4 28. g4 Rd6 29. g5 d4 30. c4 b5 31. Bd3 Rf7 32. Re8+ Rf8 33. Rxf8+ Kxf8 34. h6 1-0

[Event "Bullet Chess Championship"]
[Site "Chess.com INT"]
[Date "2023.07.19"]
[Round "21"]
[White "Magnus Carlsen"]
[Black "Alireza Firouzja"]
[Result "0-1"]
[EventDate "?"]
[WhiteElo "2835"]
[BlackElo "2777"]
[PlyCount "84"]

1. Nf3 Nf6 2. g3 g6 3. Bg2 Bg7 4. O-O O-O 5. c4 d6 6. Nc3 e5 7. d4 Nbd7 8. dxe5 dxe5 9. e4 c6 10. Qc2 Qc7 11. h3 Re8 12. Be3 Nf8 13. Rfd1 Ne6 14. c5 h6 15. b4 Nh7 16. Ne2 Nhg5 17. Nxg5 hxg5 18. a3 a5 19. Rac1 Qe7 20. Qb3 axb4 21. axb4 Nc7 22. Ra1 Be6 23. Qb2 Nb5 24. Kh2 Bf6 25. Ng1 Kg7 26. g4 Rh8 27. Rxa8 Rxa8 28. Nf3 Ra2 29. Qc1 Nd4 30. Nxg5 Ne2 31. Nxe6+ Qxe6 32. Qb1 Nc3 33. Qd3 Nxd1 34. Qxd1 Bh4 35. Kg1 Qf6 36. Bf3 Bg5 37. Bxg5 Qxg5 38. Kg2 Qd2 39. Qf1 Qxb4 40. Qc1 Qd2 41. Qf1 Rc2 42. h4 Rc1 0-1

[Event "Bullet Chess Championship"]
[Site "Chess.com INT"]
[Date "2023.07.19"]
[Round "21"]
[White "Alireza Firouzja"]
[Black "Magnus Carlsen"]
[Result "1-0"]
[EventDate "?"]
[WhiteElo "2777"]
[BlackElo "2835"]
[PlyCount "62"]

1. e4 c6 2. d4 d5 3. e5 c5 4. Nf3 Nc6 5. dxc5 Bg4 6. a3 e6 7. b4 Nge7 8. Bb2 g6 9. Nbd2 Bg7 10. h3 Bxf3 11. Nxf3 O-O 12. Bd3 a5 13. b5 Nb8 14. Bd4 Nd7 15. Qd2 Rc8 16. Qe3 Qc7 17. O-O Nxc5 18. g4 Nxd3 19. cxd3 Qd7 20. a4 Rc2 21. Rac1 Rfc8 22. Rxc2 Rxc2 23. Rc1 Qc7 24. Rxc2 Qxc2 25. Kg2 Qxa4 26. Qg5 Qb4 27. Bc3 Qxc3 28. Qxe7 Bf8 29. Qxb7 h6 30. b6 a4 31. Qc7 1-0

[Event "Bullet Chess Championship"]
[Site "Chess.com INT"]
[Date "2023.07.19"]
[Round "21"]
[White "Magnus Carlsen"]
[Black "Alireza Firouzja"]
[Result "0-1"]
[EventDate "?"]
[WhiteElo "2835"]
[BlackElo "2777"]
[PlyCount "62"]

1. e4 e5 2. Nf3 Nc6 3. Bb5 a6 4. Ba4 Nf6 5. d3 d6 6. c3 Be7 7. O-O O-O 8. Re1 Re8 9. Nbd2 h6 10. Nf1 b5 11. Bc2 Bf8 12. Ng3 d5 13. a4 b4 14. a5 Be6 15. Ba4 Bd7 16. exd5 Nxd5 17. Bd2 bxc3 18. bxc3 Bd6 19. h3 Nf6 20. Ne4 Nxe4 21. Rxe4 Nb8 22. Bb3 Bf5 23. Re3 Nd7 24. Bc4 Nf6 25. Qe2 e4 26. Nd4 Bg6 27. Re1 exd3 28. Bxd3 Rxe3 29. Bxe3 Bxd3 30. Qxd3 c5 31. Bxh6 gxh6 0-1

[Event "Bullet Chess Championship"]
[Site "Chess.com INT"]
[Date "2023.07.19"]
[Round "21"]
[White "Alireza Firouzja"]
[Black "Magnus Carlsen"]
[Result "0-1"]
[EventDate "?"]
[WhiteElo "2777"]
[BlackElo "2835"]
[PlyCount "94"]

1. e4 c6 2. d4 d5 3. e5 Bf5 4. Nf3 e6 5. Be2 c5 6. Be3 Nc6 7. dxc5 Nge7 8. c3 g6 9. Nbd2 Bg7 10. Bd4 O-O 11. O-O b6 12. cxb6 Nxd4 13. Nxd4 Qxb6 14. Nxf5 Nxf5 15. Bd3 Qxb2 16. Bxf5 exf5 17. Nf3 Rfd8 18. Qd3 Rac8 19. Rab1 Qxc3 20. Qxc3 Rxc3 21. Rb7 Ra3 22. Ng5 Rf8 23. e6 f6 24. Nf7 Re8 25. Re1 Ra6 26. g4 fxg4 27. Rd7 Raxe6 28. Rxe6 Rxe6 29. Nd8 Ra6 30. Rxd5 f5 31. Rd7 h5 32. Nf7 h4 33. Ng5 Bf6 34. Nh7 h3 35. Nxf6+ Rxf6 36. Rxa7 Rd6 37. f3 Rd1+ 38. Kf2 Rd2+ 39. Kg3 gxf3 40. Kxf3 Rxh2 41. Kg3 Rh1 42. a4 g5 43. a5 g4 44. a6 Rg1+ 45. Kf4 h2 46. Ra8+ Kg7 47. Ra7+ Kg6 0-1

[Event "Bullet Chess Championship"]
[Site "Chess.com INT"]
[Date "2023.07.19"]
[Round "21"]
[White "Magnus Carlsen"]
[Black "Alireza Firouzja"]
[Result "0-1"]
[EventDate "?"]
[WhiteElo "2835"]
[BlackElo "2777"]
[PlyCount "154"]

1. e4 e5 2. Nf3 Nc6 3. Bc4 Nf6 4. d3 Be7 5. O-O d6 6. Re1 O-O 7. a4 h6 8. Nc3 Re8 9. Nd5 Bf8 10. c3 Be6 11. Nxf6+ Qxf6 12. Bxe6 Qxe6 13. b4 a6 14. Be3 Qd7 15. b5 Nd8 16. Qb3 axb5 17. axb5 Ne6 18. h3 c6 19. bxc6 bxc6 20. d4 exd4 21. cxd4 Rab8 22. Qc2 c5 23. d5 Nc7 24. Bf4 Nb5 25. Qa4 Rb7 26. Rab1 Nc3 27. Qxd7 Rxd7 28. Rb3 Nxe4 29. Rbe3 f5 30. Nd2 Rde7 31. Nc4 Nf6 32. Rxe7 Rxe7 33. Rxe7 Bxe7 34. Bxd6 Kf8 35. Bxe7+ Kxe7 36. Ne3 g6 37. Kf1 Kd6 38. Ke2 Nxd5 39. Nc4+ Ke6 40. g3 Nf6 41. Kd3 Nd7 42. Ne3 Ne5+ 43. Kc3 g5 44. f4 gxf4 45. gxf4 Ng6 46. Ng2 Kd5 47. Kd3 c4+ 48. Ke3 c3 49. Kd3 c2 50. Ne3+ Ke6 51. Kxc2 Nxf4 52. h4 Ng6 53. Ng2 f4 54. Kd2 Kf5 55. Ke2 Kg4 56. Kf2 Nxh4 57. Ne1 Nf5 58. Nd3 Ng3 59. Ne5+ Kf5 60. Nd3 Ne4+ 61. Kf3 Ng5+ 62. Kg2 h5 63. Nf2 h4 64. Nd3 h3+ 65. Kh2 Kg4 66. Ne5+ Kh5 67. Nd3 Kg4 68. Ne5+ Kf5 69. Nd3 Ke4 70. Nf2+ Ke3 71. Ng4+ Ke2 72. Ne5 f3 73. Ng6 f2 74. Nf4+ Kf3 75. Nxh3 Nxh3 76. Kxh3 f1=Q+ 77. Kh4 Qg2 0-1

[Event "Bullet Chess Championship"]
[Site "Chess.com INT"]
[Date "2023.07.19"]
[Round "21"]
[White "Alireza Firouzja"]
[Black "Magnus Carlsen"]
[Result "1/2-1/2"]
[EventDate "?"]
[WhiteElo "2777"]
[BlackElo "2835"]
[PlyCount "102"]

1. e4 g6 2. d4 Bg7 3. Nc3 d6 4. Be3 a6 5. a4 Nc6 6. h3 Nf6 7. Nf3 O-O 8. Be2 e5 9. dxe5 dxe5 10. O-O Be6 11. Bg5 h6 12. Bxf6 Qxf6 13. Nd5 Bxd5 14. Qxd5 Rfd8 15. Qb3 Rab8 16. Rad1 h5 17. Rxd8+ Qxd8 18. Rd1 Qe7 19. h4 Bf6 20. g3 Kg7 21. c3 Na5 22. Qd5 Nc6 23. Qd7 Rd8 24. Qxe7 Rxd1+ 25. Bxd1 Bxe7 26. Bb3 Bd6 27. Bd5 Nd8 28. Nd2 c6 29. Bb3 b5 30. axb5 axb5 31. Bc2 Nb7 32. b4 c5 33. bxc5 Bxc5 34. Bd3 Nd6 35. Kf1 Bb6 36. Ke2 Ba5 37. Nb1 f5 38. f3 Kf6 39. Na3 Bxc3 40. Nxb5 Nxb5 41. Bxb5 f4 42. g4 g5 43. hxg5+ Kxg5 44. gxh5 Kxh5 45. Bd7 Bd4 46. Bg4+ Kh4 47. Kd3 Kg3 48. Kc4 Kf2 49. Kd3 Kg3 50. Ke2 Kg2 51. Kd3 Kg3 1/2-1/2

[Event "Bullet Chess Championship"]
[Site "Chess.com INT"]
[Date "2023.07.19"]
[Round "21"]
[White "Magnus Carlsen"]
[Black "Alireza Firouzja"]
[Result "1-0"]
[EventDate "?"]
[WhiteElo "2835"]
[BlackElo "2777"]
[PlyCount "68"]

1. e4 e5 2. Nf3 Nc6 3. Bb5 a6 4. Ba4 Nf6 5. O-O Be7 6. Re1 b5 7. Bb3 d6 8. c3 O-O 9. d4 Bg4 10. Be3 d5 11. exd5 exd4 12. cxd4 Nxd5 13. Nc3 Nxe3 14. fxe3 Bd6 15. h3 Bh5 16. Rc1 Na5 17. e4 Nxb3 18. axb3 Re8 19. e5 Bb4 20. Rf1 c5 21. d5 Bxc3 22. Rxc3 Rxe5 23. Rxc5 Re3 24. Qd4 Rxb3 25. Ne5 Qd6 26. Rc6 Qb4 27. Qxb4 Rxb4 28. d6 Rd4 29. d7 Rd8 30. Rfc1 Kf8 31. Rc8 Rxd7 32. Nxd7+ Ke7 33. Rxd8 Kxd8 34. Nc5 1-0

[Event "Bullet Chess Championship"]
[Site "Chess.com INT"]
[Date "2023.07.19"]
[Round "21"]
[White "Alireza Firouzja"]
[Black "Magnus Carlsen"]
[Result "1-0"]
[EventDate "?"]
[WhiteElo "2777"]
[BlackElo "2835"]
[PlyCount "144"]

1. e4 e6 2. d4 d5 3. Nd2 dxe4 4. Nxe4 Nd7 5. Nf3 Ngf6 6. Bd3 c5 7. Bf4 Nxe4 8. Bxe4 Nf6 9. Qe2 Nxe4 10. Qxe4 Qa5+ 11. Bd2 Qa6 12. Bc3 cxd4 13. Qxd4 f6 14. O-O-O Be7 15. a3 O-O 16. Bb4 e5 17. Qc3 Bxb4 18. Qxb4 Bf5 19. Rd6 b6 20. Rhd1 Rac8 21. R6d2 Qc4 22. Qxc4+ Rxc4 23. b3 Rc7 24. Kb2 Rfc8 25. Ne1 Kf7 26. c4 h5 27. a4 h4 28. Nd3 g5 29. Nb4 h3 30. g3 Bg4 31. Re1 Bf3 32. Re3 g4 33. Red3 Ke6 34. Rd6+ Kf5 35. Nd5 Bxd5 36. R2xd5 Rc6 37. a5 Rxd6 38. Rxd6 bxa5 39. Ka2 Rf8 40. c5 Ke4 41. c6 f5 42. Ka3 Kf3 43. Rd2 Kg2 44. f4+ Kf3 45. fxe5 Ke3 46. Rc2 f4 47. gxf4 g3 48. hxg3 Rh8 49. c7 Rc8 50. Rh2 Rxc7 51. Rxh3 Rf7 52. Rh6 Re7 53. Rf6 Ke4 54. Ra6 Kf3 55. Rxa5 Kxg3 56. Ra4 Kf3 57. Rc4 Kg4 58. Kb2 Kf5 59. Kc3 Rd7 60. Rd4 Re7 61. Kd3 Rc7 62. Rc4 Rb7 63. Kc3 Rd7 64. b4 Rg7 65. Kb3 Rg3+ 66. Ka4 Rg4 67. Rc5 Rg3 68. e6+ Kxe6 69. Re5+ Kf6 70. Rc5 Rc3 71. Rc4 Rxc4 72. Kb5 1-0

[Event "Bullet Chess Championship"]
[Site "Chess.com INT"]
[Date "2023.07.19"]
[Round "21"]
[White "Magnus Carlsen"]
[Black "Alireza Firouzja"]
[Result "1/2-1/2"]
[EventDate "?"]
[WhiteElo "2835"]
[BlackElo "2777"]
[PlyCount "156"]

1. Nf3 Nf6 2. g3 g6 3. Bg2 Bg7 4. O-O O-O 5. d4 d6 6. Nc3 Nc6 7. e4 Bg4 8. h3 Bxf3 9. Bxf3 Nd7 10. Be3 e5 11. dxe5 Ncxe5 12. Be2 Nb6 13. Bd4 c5 14. Bxe5 Bxe5 15. Qd3 Qf6 16. Rad1 Rfe8 17. f4 Bd4+ 18. Kg2 Qe6 19. Bf3 Nc4 20. Bg4 Nxb2 21. Bxe6 Nxd3 22. Bxf7+ Kxf7 23. Rxd3 Bxc3 24. Rxc3 Rxe4 25. Rc1 Rd4 26. Rd3 Rxd3 27. cxd3 Re8 28. Kf3 Ke6 29. g4 Kd5 30. f5 g5 31. h4 h6 32. hxg5 hxg5 33. Rh1 Kd4 34. Rh5 Rg8 35. Rh6 d5 36. Rg6 Rf8 37. Rxg5 Kxd3 38. Kf4 c4 39. Rg7 Rc8 40. g5 c3 41. Rh7 c2 42. Rh3+ Kc4 43. Rh1 d4 44. g6 d3 45. Ke3 Kc3 46. g7 d2 47. Rh8 Rc4 48. g8=Q d1=Q 49. Qg7+ Qd4+ 50. Qxd4+ Rxd4 51. Rc8+ Rc4 52. Rxc4+ Kxc4 53. Kd2 Kd5 54. Kxc2 Ke5 55. Kc3 Kxf5 56. Kc4 Ke6 57. Kc5 Kd7 58. a4 Kc7 59. a5 Kd7 60. Kd5 Kc7 61. Kc5 Kd7 62. Kd5 Ke7 63. a6 bxa6 64. Kc6 Kd8 65. Kc5 Kc7 66. Kb4 Kb6 67. Ka4 a5 68. Ka3 Ka6 69. Kb3 Kb5 70. Ka3 Kc5 71. Kb3 Kb6 72. Ka3 Kb5 73. Kb3 Kc5 74. Ka3 Kc4 75. Ka4 Kc5 76. Kxa5 Kc6 77. Ka6 Kc7 78. Kxa7 1/2-1/2

[Event "Bullet Chess Championship"]
[Site "Chess.com INT"]
[Date "2023.07.19"]
[Round "21"]
[White "Alireza Firouzja"]
[Black "Magnus Carlsen"]
[Result "1-0"]
[EventDate "?"]
[WhiteElo "2777"]
[BlackElo "2835"]
[PlyCount "134"]

1. e4 d5 2. exd5 Qxd5 3. Nc3 Qd6 4. d4 Nf6 5. Nf3 a6 6. g3 b5 7. Bf4 Qb6 8. a4 b4 9. a5 Qe6+ 10. Ne2 Bb7 11. Bg2 Qc8 12. O-O e6 13. c4 Be7 14. d5 exd5 15. Ned4 O-O 16. Ng5 h6 17. Bh3 Qe8 18. Nge6 fxe6 19. Nxe6 dxc4 20. Nxf8 Qc6 21. f3 Bxf8 22. Rc1 Nbd7 23. Qe2 Re8 24. Qxc4+ Qxc4 25. Rxc4 c5 26. Rd1 Ne5 27. Bxe5 Rxe5 28. f4 Re2 29. b3 Bd5 30. Rcc1 Bxb3 31. Rd8 c4 32. Bf1 Re4 33. Rc8 c3 34. Bxa6 Bd5 35. Bb5 Kf7 36. a6 b3 37. R8xc3 Rb4 38. Bc6 b2 39. Rb1 Ba2 40. Rxb2 Rxb2 41. a7 Rb1+ 42. Kg2 Rb2+ 43. Kg1 Bb4 44. a8=Q Bxc3 45. Qa7+ Kg6 46. Qe3 Rb1+ 47. Kg2 Rb2+ 48. Kh3 Bb4 49. Qd3+ Kf7 50. Bf3 Be6+ 51. f5 Bd7 52. Qd4 Rd2 53. Bd5+ Nxd5 54. Qe4 Bxf5+ 55. Qxf5+ Nf6 56. Qf3 Rd5 57. Qb3 Bd6 58. Qc4 Ke6 59. Qb3 Kf7 60. Qb7+ Be7 61. Qc6 Kg6 62. Qc2+ Rf5 63. Qe4 Kh7 64. Kg2 Nxe4 65. g4 Rf3 66. h3 Rf4 67. Kg1 1-0

[Event "Bullet Chess Championship"]
[Site "Chess.com INT"]
[Date "2023.07.19"]
[Round "21"]
[White "Magnus Carlsen"]
[Black "Alireza Firouzja"]
[Result "1-0"]
[EventDate "?"]
[WhiteElo "2835"]
[BlackElo "2777"]
[PlyCount "226"]

1. Nf3 Nf6 2. g3 g6 3. Bg2 Bg7 4. b3 O-O 5. Bb2 d6 6. d4 b5 7. O-O Bb7 8. Nbd2 Nbd7 9. c4 bxc4 10. Nxc4 a5 11. Rc1 Nb6 12. Nfd2 Bxg2 13. Kxg2 a4 14. e4 axb3 15. axb3 Nxc4 16. Rxc4 Nxe4 17. Nxe4 d5 18. Rc5 dxe4 19. Qc2 Ra2 20. Rd1 Bxd4 21. Qxe4 Rxb2 22. Rxd4 Qa8 23. Qc6 Rxb3 24. Qxa8 Rxa8 25. Rxc7 Re8 26. Rdc4 Rb6 27. h4 Rd6 28. Rc8 Rxc8 29. Rxc8+ Kg7 30. Rc3 e6 31. Re3 h5 32. Rf3 Kf8 33. Re3 Ke7 34. Ra3 Rd5 35. Ra7+ Kf6 36. Ra3 Re5 37. Rf3+ Rf5 38. Re3 Rd5 39. Ra3 Kg7 40. Ra7 Rd2 41. Ra6 Rd5 42. Ra3 Rf5 43. Re3 Rf6 44. Rd3 Kg8 45. Re3 Rf5 46. Re4 Ra5 47. Re3 e5 48. Rd3 Kg7 49. Rd7 Kf6 50. Rb7 Ke6 51. Rb6+ Kf5 52. Rb7 f6 53. Rb6 Rc5 54. Kf3 Rc3+ 55. Kg2 Rc5 56. Rb4 g5 57. hxg5 fxg5 58. g4+ hxg4 59. Rb8 Rc3 60. Rf8+ Ke4 61. Rg8 Kf4 62. Rf8+ Ke4 63. Rg8 g3 64. Rxg5 gxf2 65. Kxf2 Rc2+ 66. Ke1 Kf4 67. Rg8 e4 68. Re8 Ke3 69. Kf1 Rc1+ 70. Kg2 Re1 71. Ra8 Rd1 72. Re8 Rd2+ 73. Kf1 Rd1+ 74. Kg2 Rd6 75. Kf1 Rh6 76. Kg2 Rf6 77. Ra8 Kd3 78. Ra3+ Kd4 79. Ra2 Ke3 80. Ra3+ Kf4 81. Ra4 Rf5 82. Kf2 Ke5+ 83. Ke3 Rf3+ 84. Ke2 Rf4 85. Ra5+ Kd4 86. Ra8 Ke5 87. Rd8 Kf5 88. Re8 Rf3 89. Rf8+ Ke5 90. Rxf3 Kd4 91. Re3 Ke5 92. Kf2 Kd4 93. Re2 Ke5 94. Ke3 Kd5 95. Rf2 Ke5 96. Rf4 Kd5 97. Rxe4 Kc5 98. Rf4 Kc6 99. Rf3 Kb6 100. Kf2 Kb7 101. Re3 Ka7 102. Re2 Kb6 103. Re3 Kb7 104. Re2 Ka6 105. Re3 Ka7 106. Rd3 Ka6 107. Ke2 Ka5 108. Rd2 Ka4 109. Kd3 Ka5 110. Rc2 Ka6 111. Kd2 Ka7 112. Rc3 Ka8 113. Kc2 1-0

[Event "Bullet Chess Championship"]
[Site "Chess.com INT"]
[Date "2023.07.19"]
[Round "21"]
[White "Alireza Firouzja"]
[Black "Magnus Carlsen"]
[Result "0-1"]
[EventDate "?"]
[WhiteElo "2777"]
[BlackElo "2835"]
[PlyCount "78"]

1. e4 c6 2. d4 d5 3. e5 Bf5 4. Nf3 e6 5. Be2 h6 6. O-O Ne7 7. c3 Nd7 8. Nbd2 Bh7 9. Nb3 Ng6 10. Bd3 Be7 11. Re1 O-O 12. g3 c5 13. Bc2 cxd4 14. cxd4 Rc8 15. Bd3 Nb6 16. h4 Re8 17. h5 Nf8 18. Bxh7+ Nxh7 19. Qd3 Qc7 20. Kg2 Qc2 21. Qb5 Qf5 22. Rh1 Rc6 23. Na5 Rcc8 24. Nxb7 Rf8 25. Nd6 Bxd6 26. exd6 Rc2 27. Bf4 Nc4 28. b3 Nb2 29. Rac1 Nd3 30. Rxc2 Nxf4+ 31. gxf4 Qg4+ 32. Kf1 Qxf3 33. Rc7 Qxh1+ 34. Ke2 Qe4+ 35. Kf1 Qxf4 36. Qc5 Ng5 37. d7 Ne4 38. Qxf8+ Kh7 39. d8=Q Qxf2# 0-1